Slováci v Chorvátsku (od začiatkov osídľovania)

Bibliographic Details
Main Author: Kučerová, Kvetoslava, 1935-2019 (Author)
Format: Book
Language:Slovak
PhysicalDescription:253 s. faks., fotogr., mp., sch. 24 cm
Published: Martin Matica slovenská 2006
ISBN:8070907940
Edition:[1. vyd.]
Subjects:

MARC

LEADER 00000cam a2200000 a 4500
001 vtls008771831
003 SK-MaSNL
005 20260301205604.0
008 240318s2006 xo o f 001 0dslo
020 |a 8070907940  |q (viaz.) 
035 |a F66B8EA0-5598-47AC-9FC1-41A48E913399 
035 |a urn:nbn:sk:snk-amleb8 
035 |a urn:nbn:sk:snk-am008z4q 
040 |a SNK  |b slo  |c SNK  |e AACR2 
041 0 |a slo  |b eng 
043 |a e-ci--- 
044 |a xo  |c SK 
072 7 |a 314  |x Demografia. Populácia  |2 konspekt 
080 |a 314.15-026.44  |2 2001 
080 |a (=162.4)  |2 2001 
080 |a (497.5)  |2 2001 
080 |a (048.8)  |2 2001 
080 |a (093)  |2 2001 
080 |a 314.743  |2 2001 
100 1 |a Kučerová, Kvetoslava,  |d 1935-2019  |4 aut  |9 250866 
245 1 0 |a Slováci v Chorvátsku  |b (od začiatkov osídľovania)  |c Kvetoslava Kučerová 
250 |a [1. vyd.] 
260 |a Martin  |b Matica slovenská  |c 2006 
300 |a 253 s.  |b faks., fotogr., mp., sch.  |c 24 cm 
546 |a Res. angl. 
648 7 |a 18.-20. stor.  |2 SNKPH  |9 293384 
650 0 7 |a Slováci  |x emigrácia a imigrácia  |2 SNKPH  |9 267307 
650 0 7 |a Slovaks  |x emigration and immigration  |2 SNKPHeng  |9 267308 
651 7 |a Chorvátsko  |2 SNKPH  |9 16553 
651 7 |a Croatia  |2 SNKPHeng  |9 274923 
655 7 |a monografie  |2 SNKPH  |9 70139 
655 7 |a pramene  |2 SNKPH  |9 70564 
655 7 |a Monographs  |2 SNKPHeng  |9 120675 
655 7 |a Sources  |2 SNKPHeng  |9 285559 
919 |a 80-7090-794-0 
958 |a OND 
999 |c 910674  |d 912604 
952 |a SNK  |b SNK  |y VYP  |7 0  |p 17A0518339  |o snkSC 124593 D1  |i snk2006/15597  |8 0  |0 0  |1 0  |4 0  |d 2006-08-07  |l 0  |r 2026-02-24 07:42:16  |w 2026-02-24 
952 |a SNK  |b SNK  |y PREZ  |7 0  |p 17A0510065  |o snkSC 124593  |i snk2006/13654  |8 3  |g 7.90  |0 0  |1 0  |4 0  |d 2006-07-10  |f 1  |l 0  |r 2025-06-06 00:00:00  |w 2026-02-24 
952 |t snkKUC 323.113  |a SNKUST  |b SNKUST  |y PREZ  |7 0  |p 17A0518338  |o snkSC 124593 D2  |i snk2006/15598  |8 0  |0 0  |1 0  |4 0  |d 2006-08-07  |l 0  |r 2025-04-30 00:00:00  |w 2026-02-24